| 000 | 00451nam a22001577a 4500 | ||
|---|---|---|---|
| 005 | 20120322150151.0 | ||
| 020 |
_a0333906632 _c79.50 |
||
| 035 | _aB-83573 | ||
| 037 |
_aDPL _bENG |
||
| 245 | _aMoral science series / | ||
| 250 | _aBook VIII | ||
| 260 |
_aChennai _bMacmillan _c2003 |
||
| 300 |
_a217p. _c18 cms. |
||
| 942 |
_2ddc _cEN _h170 _mMOR |
||
| 999 |
_c64267 _d64267 |
||